000 00832nam a2200241Ia 4500
003 OSt
005 20220923223713.0
006 a|||||r|||| 00| 0
007 ta
008 220922b |||||||| |||| 00| 0 hin d
024 _a220,359
037 _cTextual
040 _aARTS
_cARTS
_bhin
041 _2hin
_ahin
082 _aO152,1K73:g, N6
100 _aशर्मा, राजरानी
_9156279
245 0 _aदेव के नायिका भेद का शास्त्रीय विवेचन
246 _aDev ke nāyikā bhed kā shāstrīya vivechana
260 _aदिल्ली
_b भारतीय साहित्य कला
_c1996
300 _a140i`
_ccm.
942 _hO152,1K73:g, N6
_cTEXL
_2CC
999 _c366840
_d366840